LEADER 01088cam0-22003851i-450- 001 990007206550403321 005 20051111120220.0 035 $a000720655 035 $aFED01000720655 035 $a(Aleph)000720655FED01 035 $a000720655 100 $a20021021d1993----km-y0itay50------ba 101 0 $aita 102 $aIT 105 $ay-------001yy 200 1 $a<>procreazione artificiale$egenoma della persona e attribuzione della paternità$fLeonardo Lenti 210 $aPadova$cCEDAM$d1993 215 $aXII, 322 p.$d24 cm 225 1 $a<>monografie di Contratto e impresa$v29 676 $a346.01$v21$zita 676 $a346.015 700 1$aLenti,$bLeonardo$0233767 801 0$aIT$bUNINA$gRICA$2UNIMARC 901 $aBK 912 $a990007206550403321 952 $aA-I-A-71$b3873 dip.$fDDRC 952 $a10-C-431$b5511$fDDCP 952 $aVIII e 19 (29)$b24247*$fFGBC 952 $aXXVI 972$b271$fDDCIC 959 $aDDRC 959 $aFGBC 959 $aDDCP 959 $aDDCIC 996 $aProcreazione artificiale$9197802 997 $aUNINA LEADER 01385nam2 2200313 450 001 000033480 005 20121025105222.0 100 $a20121010d1980----km-y0itaa50------ba 101 0 $aita$afre 102 $aIT 200 1 $aAtti X Convegno Internazionale della ceramica$eAlbisola, 26-29 maggio, 1977$fCentro Ligure per la Storia della ceramica 210 $aAlbisola$cCentro Ligure per la Storia della ceramica$dstampa 1980 215 $a488 p., tav.$cill.$d24 cm. 461 1$1001000032908$12001$aAtti. Convegno Internazionale della ceramica 606 $aCeramiche$xStoria 676 $a666.4$v(22. ed.)$9Tecnologia ceramica e tecnologie affini. Materiali, processi, attrezzature della ceramica 710 12$aConvegno Internazionale della ceramica,$d10.$f<1977$e; Albisola>$0183649 712 02$aCentro Ligure per la Storia della ceramica 801 0$aIT$bUniversità della Basilicata - B.I.A.$gREICAT$2unimarc 912 $a000033480 996 $aAtti X Convegno Internazionale della ceramica$996877 997 $aUNIBAS BAS $aLETTERE CAT $aSTD082$b01$c20121010$lBAS01$h1518 CAT $aMDL$b30$c20121024$lBAS01$h1023 CAT $aMDL$b30$c20121024$lBAS01$h1024 CAT $aMDL$b00$c20121025$lBAS01$h1052 FMT Z30 -1$lBAS01$LBAS01$mBOOK$1BASA4$APolo di Matera$2DID$BDidattica$3MSR/L111336$6111336$5L111336$820121010$f04$FPrestabile Didattica